Missing Word: Taylor Swift Songs (A-Z) Quiz Stats

 Plays Quiz Updated Oct 1, 2017

Score 0/22 Timer 03:00
2 Plays Today
Hint Answer % Correct
We Are Never _____ Getting Back TogetherEver
96.3%
Begin _____Again
94%
_____ SpaceBlank
93.1%
Should've Said _____No
92.9%
_____ StoryLove
92.5%
_____ It OffShake
91.7%
A Place _____ This WorldIn
91.4%
How _____ Get the GirlYou
91.1%
Sparks _____Fly
90.9%
The Story of _____Us
87%
Dear _____John
86.8%
Hint Answer % Correct
The Lucky _____One
86.5%
I Knew You Were _____Trouble
84.8%
Teardrops On My _____Guitar
84.4%
White _____Horse
73.8%
Last _____Kiss
73.8%
Tim _____McGraw
73.1%
Back To _____December
68.9%
_____ DreamsWildest
66.7%
_____ to BurnPicture
65.6%
_____ As YouCold
53.1%
New _____Romantics
43.6%

Today's Daily Dose

Word Ladder
Homophones Ate

Quick Pick
RGB Colors

On This Day
August 18th II

You're not logged in!

Compare scores with friends on all Sporcle quizzes.
Join for Free
OR
Log In

You Might Also Like...

Show Comments

Extras

Top Quizzes Today


Score Distribution

Your Account Isn't Verified!

In order to create a playlist on Sporcle, you need to verify the email address you used during registration. Go to your Sporcle Settings to finish the process.

Report this User

Report this user for behavior that violates our Community Guidelines.

Details: